| 000 -LEADER |
| fixed length control field |
00852cim a2200301 a 4500 |
| 001 - CONTROL NUMBER |
| control field |
14351050 |
| 005 - DATE AND TIME OF LATEST TRANSACTION |
| control field |
20180130034811.0 |
| 007 - PHYSICAL DESCRIPTION FIXED FIELD--GENERAL INFORMATION |
| fixed length control field |
ss lunjlcmpnue |
| 008 - FIXED-LENGTH DATA ELEMENTS--GENERAL INFORMATION |
| fixed length control field |
060424s2005 nyunnn z eng d |
| 010 ## - LIBRARY OF CONGRESS CONTROL NUMBER |
| LC control number |
2006575546 |
| 020 ## - INTERNATIONAL STANDARD BOOK NUMBER |
| International Standard Book Number |
1593976682 |
| 024 3# - OTHER STANDARD IDENTIFIER |
| Standard number or code |
9781593976682 |
| 028 02 - PUBLISHER NUMBER |
| Publisher number |
ART 668 |
| Source |
Audio Renaissance |
| 035 ## - SYSTEM CONTROL NUMBER |
| System control number |
(OCoLC)ocm58807028 |
| 040 ## - CATALOGING SOURCE |
| Original cataloging agency |
GEC |
| Transcribing agency |
GEC |
| Modifying agency |
OCLCQ |
| -- |
BAKER |
| -- |
DLC |
| 041 ## - LANGUAGE CODE |
| Language code of text/sound track or separate title |
eng |
| 042 ## - AUTHENTICATION CODE |
| Authentication code |
lccopycat |
| 080 ## - UNIVERSAL DECIMAL CLASSIFICATION NUMBER |
| Universal Decimal Classification number |
94 FRI |
| 082 ## - DEWEY DECIMAL CLASSIFICATION NUMBER |
| Edition number |
94 FRI |
| 100 1# - Rafti |
| Rafti |
16 |
| 101 ## - Shkurtesa |
| Shkurtesa |
HIS |
| 245 14 - TITLE STATEMENT |
| Title |
The world is flat |
| Statement of responsibility, etc |
by Thomas L. Friedman. |
| 306 ## - PLAYING TIME |
| Playing time |
190000 |
| 511 0# - PARTICIPANT OR PERFORMER NOTE |
| Participant or performer note |
Read by Oliver Wyman. |
| 906 ## - LOCAL DATA ELEMENT F, LDF (RLIN) |
| a |
7 |
| b |
cbc |
| c |
copycat |
| d |
2 |
| e |
ncip |
| f |
20 |
| g |
y-genmusic |
| 942 ## - ADDED ENTRY ELEMENTS (KOHA) |
| Source of classification or shelving scheme |
|
| Item type |
Books |